Contributions to the theory of Riemann surfaces : centennial celebration of Riemann's dissertations /
Guardado en:
| Otros Autores: | |
|---|---|
| Formato: | Libro |
| Idioma: | English |
| Publicado: |
Princeton, N.J. :
Princeton University Press,
1953.
|
| Series: | Annals of mathematics studies ;
no. 30 |
| Etiquetas: |
Agregar Etiqueta
Sin Etiquetas, Sea el primero en etiquetar este registro!
|
| LEADER | 00788nam a22001575a 4500 | ||
|---|---|---|---|
| 001 | MAT.inmabb000281 | ||
| 008 | 031211s1953####nju###########011#0#eng#d | ||
| 005 | 20110224131122.0 | ||
| 245 | 0 | 0 | |a Contributions to the theory of Riemann surfaces : |b centennial celebration of Riemann's dissertations / |c L. V. Ahlfors ... [et al.] ; edited by L. Ahlfors, E. Calabi, M. Morse, L. Sario, D. Spencer. |
| 260 | |a Princeton, N.J. : |b Princeton University Press, |c 1953. | ||
| 300 | |a v, 264 p. ; |c 26 cm. | ||
| 440 | 0 | |a Annals of mathematics studies ; |v no. 30 | |
| 500 | |a Trabajos presentados en la Conference on Riemann Surfaces, desarrollada en Princeton, 14 y 15 de diciembre de 1951. | ||
| 700 | 1 | |a Ahlfors, Lars Valerian, |d 1907-1996. |4 edt | |
| 084 | |a 30Fxx (30-06) |2 msc2000 | ||
| 859 | |h 30 |i C764 |p A-4 |b BIB. MATEMATICA | ||
